000 00599nam a2200217Ia 4500
001 13050
003 GE_BSU
008 181216s||||||||xx |||||||||||||| ||und||
040 _cGE_BSU
080 _a631(075.32)
100 _aЛебедик,А.К.
245 _aОсновы агрономии
245 _bУч.пособ.
245 _cНаучн.ред.А.Н.Кольцов. Ред.Н.В.Тихонова
260 _aМосква
260 _bВысшая школа
260 _c1966
300 _a208стр.илл.20см.
653 _aОсновы агрономии
942 _cBK
999 _c46217
_d46217